Pensamiento estratégico: construya los cimientos de su planeación

Guardat en:
Dades bibliogràfiques
Autor principal: Morrisey, George L. (autor)
Format: Llibre
Idioma:espanyol
Publicat: Ciudad de México Prentice Hall Hispanoamerica 1996
Edició:1a. ed
Col·lecció:Serie Jossey-Bass sobre Administración
Matèries:
Etiquetes: Afegir etiqueta
Sense etiquetes, Sigues el primer a etiquetar aquest registre!

MARC

LEADER 00000cam a2200000 a 4500
001 UCD6984
003 CL-VaPUC
008 170303e19960000mx |||||||||||||||||spa|d
020 |a 9688807346 
082 0 4 |a 658.401  |b MOR  |2 21 
100 |a Morrisey, George L.  |e autor  |9 590905 
245 1 0 |a Pensamiento estratégico: construya los cimientos de su planeación 
250 |a 1a. ed 
300 |a 119 p 
942 |c BK 
945 |d 20170303 17:35:00  |a arojas 
260 |a Ciudad de México  |b Prentice Hall Hispanoamerica  |c 1996 
650 0 |a Planificación estratégica   |9 259735 
650 0 |a Competitividad   |9 308495 
650 0 |a Liderazgo  |9 271835 
650 0 |a Visión  |9 269056 
583 |a last modification  |c 20170303 17:35:00  |k Rodrigo Vera 
490 0 |a Serie Jossey-Bass sobre Administración 
999 |c 367156  |d 367154 
952 |0 0  |1 0  |3 erb  |4 0  |6 658_401000000000000_MOR_1996  |7 0  |8 A  |9 481848  |a BIBENE  |b BIBENE  |i 5329353  |o 658.401 MOR 1996  |p 5329353  |r 2025-01-15  |w 2019-11-24  |y BK  |z Catalogado en:20170303  |k ICO